MDQL
is popping MORE tags! Check the
thread
!
Quizzes
Events
Quiz Creation
Community
Videos
Private Events
Remove Ads
Sign In
Join for FREE
Feedback
Dark Mode
Quiz Categories
Sports
Geography
Music
Movies
Television
Just For Fun
Miscellaneous
History
Literature
Language
Science
Gaming
Entertainment
Religion
Holiday
For Kids
Quiz Lab
Recent
Popular Today
Quiz Kudos Today
Editor Picks
Curator Picks
Quizzes by...
Day
Popularity
Type
Ratings
Length
Year
Community
Subscriptions
Recent Discussions
Orange Saloon
Badges
Playlists
Quests
Create
Leaderboards
Showdown
Live 5
Trivia Bingo
Activity
Puzzle Library
Sporcle Events
Private Events
Virtual Trivia
Globe League
Become a Host
Pub Owners
SporcleCon
Opinionation
Our Games
Videos
Blog
Mobile Apps
Partnerships
Remove Ads and Go Orange
Feedback
Movies
Disney
Marvel Cinematic Universe
Movie Resume
Movie Titles
Oscar
Actor
Actress
Director
Pixar
Role
Movie Quotes
Movie Characters
Box Office
Nominee
Best Picture
Star Wars
James Bond
Horror Movies
Movies
Disney
Marvel Cinematic Universe
Movie Resume
Movie Titles
Oscar
Actor
Actress
Director
Pixar
Role
Movie Quotes
Movie Characters
Box Office
Nominee
Best Picture
Star Wars
James Bond
Horror Movies
Random Quiz
Search Sporcle
×
Quiz Lab
Quiz Lab
Movies
Nominee
Type in answers that appear in a list
Type in answers that appear in a list
Classic
Best Score? Go Orange.
Oscar screenplay nominee's 1980's Stats
Can you name the Oscar screenplay nominee's 1980's?
By
exackerly
14m
100 Questions
646 Plays
646 Plays
646 Plays
Comments
Comments
Give Quiz Kudos
Give Quiz Kudos
-
- Ratings
hide this ad
Replay
Link that replays current quiz
Next Quiz
Link to next quiz in quiz playlist
You Got
0%
They Got
Avg Score
72%
Avg Friend Score
Upgrade to see
Score Distribution
Jump to the score distribution portion of the page
Score
0/100
Timer
14:00
0
Plays Today
Year
Movie
% Correct
1988 Original
Rain Man
96.3%
1980 Adapted
Ordinary People
95.7%
1982 Original
Gandhi
95.4%
1985 Adapted
Out of Africa
94.7%
1982 Original
E. T.
94.4%
1984 Adapted
Amadeus
94.1%
1983 Adapted
Terms of Endearment
94%
1981 Original
Chariots of Fire
93.7%
1987 Adapted
The Last Emperor
93.3%
1986 Original
Platoon
92.9%
1989 Adapted
Driving Miss Daisy
92.7%
1986 Original
Hannah and Her Sisters
91.2%
1985 Adapted
The Color Purple
89.6%
1982 Original
Tootsie
89%
1985 Original
Witness
87.5%
1987 Original
Moonstruck
87.5%
1981 Original
Reds
87.3%
1988 Original
Big
87.3%
1989 Adapted
Born on the Fourth of July
87%
1987 Adapted
The Dead
86.8%
1987 Original
Broadcast News
86.5%
1989 Original
Dead Poets Society
85.1%
1980 Adapted
Coal Miner's Daughter
85%
1985 Adapted
Kiss of the Spider Woman
84.8%
1980 Adapted
The Elephant Man
83.7%
1984 Original
Places in the Heart
83.7%
1987 Adapted
Fatal Attraction
83.3%
1983 Original
The Big Chill
82.5%
1982 Adapted
Missing
82.4%
1985 Adapted
Prizzi's Honor
82.4%
1985 Original
The Purple Rose of Cairo
82.4%
1981 Original
Atlantic City
82.2%
1988 Adapted
Dangerous Liaisons
82.2%
1989 Original
Crimes and Misdemeanors
82.2%
Year
Movie
% Correct
1982 Adapted
The Verdict
82%
1986 Adapted
Children of a Lesser God
81.4%
1984 Adapted
The Killing Fields
81%
1989 Adapted
Field of Dreams
81%
1986 Adapted
A Room with a View
80.8%
1986 Adapted
The Color of Money
80.3%
1984 Original
Broadway Danny Rose
80.2%
1988 Adapted
The Accidental Tourist
80.2%
1984 Adapted
A Passage to India
79.9%
1985 Original
Back to the Future
79.7%
1982 Adapted
Sophie's Choice
79.6%
1983 Original
Tender Mercies
79.4%
1989 Adapted
My Left Foot
79.4%
1989 Original
Do the Right Thing
77.7%
1983 Original
Silkwood
76.8%
1983 Adapted
The Dresser
76.2%
1987 Original
Radio Days
75.9%
1981 Adapted
On Golden Pond
75.2%
1980 Original
Melvin and Howard
73.2%
1984 Original
Beverly Hills Cop
71.4%
1987 Original
Hope and Glory
71.1%
1981 Adapted
The French Lieutenant's Woman
70.7%
1986 Original
Salvador
70.4%
1984 Adapted
A Soldier's Story
69.5%
1981 Original
Arthur
69.3%
1982 Original
An Officer and a Gentleman
68.6%
1980 Adapted
The Stunt Man
68.4%
1988 Original
A Fish Called Wanda
68.1%
1989 Original
When Harry Met Sally
68.1%
1981 Original
Absence of Malice
67.2%
1984 Original
Splash
66.4%
1982 Adapted
Das Boot
65.9%
1989 Original
sex lies and videotape
65.3%
1986 Adapted
Crimes of the Heart
64.7%
Year
Movie
% Correct
1988 Original
Bull Durham
61.1%
1985 Original
Brazil
60.7%
1983 Original
Fanny and Alexander
60.2%
1983 Adapted
Educating Rita
59.4%
1981 Adapted
Ragtime
59.1%
1985 Adapted
The Trip to Bountiful
59.1%
1980 Original
Fame
58.5%
1982 Adapted
Victor|Victoria
58.2%
1986 Original
'Crocodile' Dundee
58%
1983 Adapted
Reuben, Reuben
57.9%
1988 Adapted
Gorillas in the Mist
57.6%
1987 Adapted
My Life as a Dog
57.4%
1982 Original
Diner
57%
1988 Original
Running on Empty
55.1%
1989 Adapted
Enemies: A Love Story
55.1%
1988 Adapted
The Unbearable LIghtness of Being
54.5%
1980 Original
Private Benjamin
54.2%
1984 Original
El Norte
54.2%
1983 Original
WarGames
53.3%
1980 Original
Brubaker
52.6%
1986 Original
My Beautiful Laundrette
51.2%
1987 Adapted
Full Metal Jacket
51.2%
1984 Adapted
Greystoke: The Legend of Tarzan, Lord of the Apes
50.5%
1981 Adapted
The Prince of the City
50%
1986 Adapted
Stand by Me
49.8%
1985 Original
The Official Story
49.2%
1981 Adapted
Pennies from Heaven
47.8%
1980 Adapted
Breaker Morant
47.4%
1987 Original
Au Revoir Les Enfants
46.7%
1988 Adapted
Little Dorrit
45.2%
1980 Original
Mon Oncle d'Amerique
42.6%
1983 Adapted
Betrayal
42.3%
Quiz Playlist
Details
Report
Send in Message
Add To Playlist
Classic:
Type in answers that appear in a list
Last Updated: Feb 16, 2017
Quiz Scoreboard
CHALLENGE
Sign Up to Join the Scoreboard
Show All
Scores
Hide
Comments
May contain spoilers
Recently Published
1-10 Letter E Words III
by El_Dandy
Language
2m
Street Fighter Characters
by Artimus82
Gaming
60s
College Basketball Coaching Resumes
by pancakes188
Sports
9m
More to Explore
Quiz From the Vault
Featured Blog Post
Where Did the Easter Bunny Come From?
hide this ad
You Might Also Like...
Tags
Nominee Quiz
Oscar Quiz
1980
Screenplay
Today's Top Quizzes in Movies
Browse Movies
hide this ad
Today's Top Quizzes in Nominee
Browse Nominee
Top Contributed Quizzes in Movies
1
Pick 5 Posters: Directed by Spielberg
2
7-to-1: Pixar Characters
3
Hidden Star Wars Character II
4
Hidden Star Wars Character III
5
Pick 5 Posters: Lowest-Rated Spielberg
6
Sorting Actresses
7
Sorting Actors
8
Hidden Star Wars Character IV
9
Hidden Star Wars Character V
10
Pick 5 Posters: Directed by Scorsese
Explore More
Trending Topics
Harry Potter
Kpop
Anime
Marvel
Crossword
Disney
NBA
The Office
WWE
Puzzle
Country
Soccer
Pokémon
NFL
Song
hide this ad
More By:
exackerly
Quiz
Plays
Rating
Category
Featured
Created
Married Oscar Nominees
3,007
4.36
Movies
Nov 27, 2009
Guess the Dylan lyric #1
2,226
4.50
Music
Apr 14, 2010
Oscar screenplay nominees 1990's
958
3.33
Movies
Jan 14, 2011
Oscar snubs
944
3.42
Movies
Dec 2, 2009
Oscar screenplay nominee's 1980's
646
4.50
Movies
Jan 22, 2011
Go to Creator's Profile
Score Distribution
Quiz Creator Spotlight
exackerly
Follow
Send a Message
Quizzes Created
-
Created Quiz Play Count
-
More By This Creator
Popular Quizzes Today
1
Find the US States - No Outlines Minefield
2
Find the Countries of Europe - No Outlines Minefield
3
The Countries of the World
4
Find the US States
5
Risky Map Clicking: Biggest States A-Z
6
US States
7
Popular People in 1961
8
Movies - When Are They Set?
More Movies Quizzes
Cryptogram: Thor Characters
Editor's Pick
Trending Quizzes
Risky Map Clicking: Least Populous States A-Z
USA Borders Longest to Shortest
1-10 Letter G Words
1-10 Letter F Words
Countries of the World: 200 Million BC
Recently Updated
Leaping Animals
pecheneg
Reality TV Shows (A-Z)
bhenderson79
Rickey Henderson's Hall of Fame Teammates
pecheneg
Champions League XIs: Arsenal
pecheneg
Quick Pick: Celebrities in WWE's Hall of Fame
aduchscher
A-Z Keypad Blitz II
pecheneg
Multiple Oscar Actors
pecheneg
Mystery Phrase Blitz: Oscar 'Best Actors'
pecheneg
F. Scott Fitzgerald Novels
LTH
Pick 3 Villains
ddd62291
Trending Topics
Disney
NBA
Kpop
Crossword
Harry Potter
Anime
Marvel
WWE
Puzzle
Country
Song
NFL
Pokémon
The Office
Soccer
Your Account Isn't Verified!
In order to create a playlist on Sporcle, you need to verify the email address you used during registration. Go to your
Sporcle Settings
to finish the process.
Report this User
Report this user for behavior that violates our
Community Guidelines
.
Details:
Send Report
Go to the Sporcle.com Mobile Site →
Comments